| 000 | 00603nam a2200217Ia 4500 | ||
|---|---|---|---|
| 003 | OSt | ||
| 005 | 20230410145402.0 | ||
| 008 | 210423s2017 xx 000 0 und d | ||
| 020 | _a978-93-5056-868-2 | ||
| 040 | _cAL | ||
| 041 | _aeng | ||
| 082 |
_a332.024 _223 _bREDW |
||
| 100 |
_aREDDY (Ramachandra B) _985469 |
||
| 245 | _awomen empowerment through microfinance | ||
| 260 |
_aNew Delhi _bDiscovery Publishing House _c2017 |
||
| 300 |
_av,260 _bHB |
||
| 365 |
_b2000 _cINR |
||
| 650 |
_aFinancial Economics _985470 |
||
| 906 | _aempowerment ; microfinance ; through ; women | ||
| 942 |
_2ddc _cBK |
||
| 999 |
_c169543 _d169543 |
||